Mein Kind im ersten Lebensjahr; (Record no. 38379)

MARC details
000 -LEADER
fixed length control field 00573cam a22002051 4500
001 - CONTROL NUMBER
control field med47001717
003 - CONTROL NUMBER IDENTIFIER
control field DLC
005 - DATE AND TIME OF LATEST TRANSACTION
control field 20260227111603.0
008 - FIXED-LENGTH DATA ELEMENTS--GENERAL INFORMATION
fixed length control field 811121s1940 xx a 000 0 ger
010 ## - LIBRARY OF CONGRESS CONTROL NUMBER
LC control number med47001717
035 ## - SYSTEM CONTROL NUMBER
System control number (OCoLC)14739787
040 ## - CATALOGING SOURCE
Original cataloging agency DLC
Transcribing agency DNLM
Modifying agency DLC
042 ## - AUTHENTICATION CODE
Authentication code premarc
050 00 - LIBRARY OF CONGRESS CALL NUMBER
Classification number RJ61
Item number .L85
060 0# - NATIONAL LIBRARY OF MEDICINE CALL NUMBER
Classification number WS 113
Item number L869m 1940
100 1# - MAIN ENTRY--PERSONAL NAME
Personal name Lorenz-Herzog, Inga.
245 10 - TITLE STATEMENT
Title Mein Kind im ersten Lebensjahr;
Remainder of title Anleitungen und Ratschläge für die Säuglingspflege ...
260 ## - PUBLICATION, DISTRIBUTION, ETC.
Place of publication, distribution, etc. Stuttgart,
Name of publisher, distributor, etc. Franckh
Date of publication, distribution, etc. [1940]
300 ## - PHYSICAL DESCRIPTION
Extent 111 p.
Other physical details ill.

No items available.

Powered by Koha